000 00327nam a2200145Ia 4500
008 191201s2012 xx 000 0 und d
082 _a658.007
_bPAR
100 _aGUPTA,Mukul
245 0 _aResearch Methodology
250 _aRep
260 _aN. Delhi
_bPHI
_c2012
300 _a240
650 _aB.Tech(ME)
942 _2ddc
_cBK
999 _c5710
_d5710